000 00563nam a22002057a 4500
003 KOHA_MİRAKIL
005 20260324122517.0
008 260324b tu ||||| |||| 00| 0 tur d
020 _a9789759613139
040 _aTR-AnABB
_btur
_cTR-AnABB
041 _atur
082 _a813.42
_bGOK 2016
100 1 _aGöksu, Çetin
245 1 0 _aGüneşin gizemli bahçesi /
_cÇetin Göksü
260 _aAnkara :
_b[yayl. y.] ,
_c2016
300 _a157 sayfa ;
_c20 cm
500 _aYazar imzalı
650 0 4 _aTürk edebiyatı, roman
942 _2ddc
_cBK
999 _c10014
_d10014
900 _bCan ÇELIK